000 00545nam a2200193Ia 4500
003 IN-BaIIA
008 211028s9999 xx 000 0 eng d
020 _a08-013526-9
040 _cIIA Library
080 _a524.1-52
_bGIN
100 _aGinzburg, V. L
_94051
245 4 _aThe origin of cosmic rays
_cV. L. Ginzburg and S. I. Syrovatskii
260 _aOxford
_bPergamon Press
_c1964
300 _axviii, 425p.
650 _aAstronomy and astrophysics thesaurus
650 _aCosmic rays
700 _aSyrovatskii, S. I.
_96823
942 _cBK
999 _c4287
_d4287